[Event "Kaltern Trophy-B 2nd"]
[Site "Kaltern"]
[Date "2017.10.29"]
[Round "4"]
[White "Licandro, Michele"]
[Black "Florian, Andreas"]
[Result "0-1"]
[WhiteElo "1447"]
[BlackElo "1551"]
[PlyCount "124"]
[EventDate "2017.10.27"]
[EventType "swiss"]
[EventRounds "5"]
[EventCountry "ITA"]
[SourceTitle "CBM 181 Extra"]
[Source "ChessBase"]
[SourceDate "2017.12.12"]
[SourceVersion "1"]
[SourceVersionDate "2017.12.12"]
[SourceQuality "1"]

1. f4 e6 2. d4 d5 3. Nf3 c5 4. c3 Nc6 5. e3 Nf6 6. Bd3 Be7 7. 0-0 Ne4 8. Bxe4 dxe4 9. Ne5 f5 10. Qh5+ g6 11. Nxg6 Kd7 12. Nxh8 Qxh8 13. dxc5 Bxc5 14. Qf7+ Be7 15. Rd1+ Kc7 16. Na3 a6 17. Nc4 Bd7 18. Ne5 Nxe5 19. Qxe7 Nd3 20. Rb1 Qg8 21. b3 Re8 22. Qf6 Rf8 23. Qd4 Qg4 24. Ba3 Rg8 25. Rd2 h5 26. Be7 h4 27. Bg5 Bc6 28. Qf6 Bd7 29. h3 Qg3 30. Bxh4 Qxh3 31. Re2 Qf3 32. Rbb2 Nxb2 33. Qd8+ Rxd8 34. Bxd8+ Kxd8 35. gxf3 Nd3 36. fxe4 fxe4 37. Kh2 e5 38. Kg3 Ke7 39. Rh2 exf4+ 40. exf4 Bf5 41. b4 Kf6 42. Rh8 Bd7 43. Rh6+ Kf5 44. Rh5+ Kg6 45. Rd5 Bc6 46. Rg5+ Kf6 47. Rh5 e3 48. Rh6+ Kf5 49. Rxc6 bxc6 50. Kf3 Nxf4 51. Kxe3 Ke5 52. c4 Ne6 53. a4 c5 54. b5 a5 55. b6 Nd8 56. Kf3 Kd6 57. Ke4 Kc6 58. Ke5 Kxb6 59. Kd6 Nf7+ 60. Kd5 Ng5 61. Kd6 Ne4+ 62. Ke5 Nc3 0-1

[Event "Innsbruck op-B 1st"]
[Site "Innsbruck"]
[Date "2017.08.28"]
[Round "4"]
[White "Walcher, Christian"]
[Black "Florian, Andreas"]
[Result "1-0"]
[WhiteElo "1906"]
[BlackElo "1471"]
[PlyCount "67"]
[EventDate "2017.08.25"]
[EventType "swiss"]
[EventRounds "9"]
[EventCountry "AUT"]
[SourceTitle "CBM 180 Extra"]
[Source "ChessBase"]
[SourceDate "2017.10.06"]
[SourceVersion "1"]
[SourceVersionDate "2017.10.06"]
[SourceQuality "1"]

1. e4 e6 2. d4 d5 3. Nd2 Nf6 4. e5 Nfd7 5. Bd3 c5 6. c3 Nc6 7. Ne2 Qb6 8. Nf3 Be7 9. 0-0 0-0 10. a3 f6 11. exf6 Nxf6 12. b4 cxd4 13. cxd4 Qc7 14. Bf4 Bd6 15. Bxd6 Qxd6 16. Ng3 Bd7 17. Re1 Rae8 18. Ra2 Re7 19. Rae2 Rfe8 20. Bb5 a6 21. Bxc6 Bxc6 22. Ne5 Bb5 23. Re3 Nd7 24. Qg4 Nf6 25. Qg5 Rf8 26. Nf3 Bd7 27. Nf5 exf5 28. Rxe7 Rf7 29. Rxf7 Kxf7 30. Ne5+ Kf8 31. Nxd7+ Qxd7 32. Qf4 Ne4 33. Rc1 g5 34. Qb8+ 1-0

[Event "Treviso op-C 1st"]
[Site "Treviso"]
[Date "2017.03.18"]
[Round "3.13"]
[White "Florian, Andreas"]
[Black "Boerci, Roberto"]
[Result "0-1"]
[WhiteElo "1519"]
[BlackElo "1631"]
[PlyCount "56"]
[EventDate "2017.03.17"]
[EventType "swiss"]
[EventRounds "5"]
[EventCountry "ITA"]
[SourceTitle "EXT 2024"]
[Source "ChessBase"]
[SourceDate "2023.10.10"]
[SourceVersion "1"]
[SourceVersionDate "2023.10.10"]
[SourceQuality "1"]

1. d4 d6 2. Bf4 Nf6 3. e3 g6 4. c3 Bg7 5. Nd2 0-0 6. Bd3 Nfd7 7. Ngf3 e5 8. Bg3 Nc6 9. d5 Ne7 10. c4 f5 11. e4 Nc5 12. Bc2 fxe4 13. Nxe4 Nxe4 14. Bxe4 Bf5 15. Qd3 Bxe4 16. Qxe4 Nf5 17. Nh4 Nxg3 18. hxg3 Qf6 19. Nf3 b6 20. 0-0-0 Rae8 21. Rd2 Qe7 22. Qe3 Bf6 23. Re2 e4 24. Nd4 Bg5 25. f4 exf3 26. Ne6 fxe2 27. Qxg5 Qxg5+ 28. Nxg5 Rf1+ 0-1

[Event "Caldaro Puntay op-B 1st"]
[Site "Caldaro"]
[Date "2016.10.23"]
[Round "4"]
[White "Florian, Andreas"]
[Black "Haller, Quentin"]
[Result "0-1"]
[WhiteElo "1384"]
[BlackElo "1594"]
[PlyCount "88"]
[EventDate "2016.10.21"]
[EventType "swiss"]
[EventRounds "5"]
[EventCountry "ITA"]
[SourceTitle "EXT 2018"]
[Source "ChessBase"]
[SourceDate "2017.10.13"]
[SourceVersion "1"]
[SourceVersionDate "2017.10.13"]
[SourceQuality "1"]

1. e4 Nc6 2. Nf3 d5 3. Nc3 d4 4. Nd5 Nf6 5. Nxf6+ gxf6 6. Bc4 Bg4 7. h3 Bh5 8. Ne5 Nxe5 9. Qxh5 Qd6 10. Bb3 e6 11. d3 Qb6 12. f4 Bb4+ 13. Bd2 Bxd2+ 14. Kxd2 Qa5+ 15. Ke2 Nc4 16. Qxa5 Nxa5 17. g4 Ke7 18. c3 c5 19. Rac1 Rac8 20. c4 Nxb3 21. axb3 Rc6 22. Rc2 Rb6 23. Ra1 a6 24. Ra3 Rc8 25. Kd2 h5 26. g5 fxg5 27. fxg5 Rg8 28. h4 f6 29. Rc1 fxg5 30. Rg1 g4 31. Kc2 Rf8 32. Rg2 e5 33. Ra1 Rbf6 34. Rag1 Rf3 35. Rh1 Rf2+ 36. Rxf2 Rxf2+ 37. Kc1 g3 38. Rh3 g2 39. Rg3 Rf1+ 40. Kc2 g1Q 41. Rxg1 Rxg1 42. Kd2 Rg4 43. Ke2 Rxh4 44. Kf2 Rh3 0-1